00397pab a2200121 454500008004000000100002000040245010700060260000900167300001300176362001200189650003500201773003900236180718b2006 xxu||||| |||| 00| 0 eng d aBhowmik, Debesh aNew horizon in international financial institutions and stability in the international monetary system c2006 ap.18-27. aJul-Dec aInternational monetary systems aPolitical Economy Journal of India